Loading...
Philosophy of experimental biology /
| Hovedforfatter: | |
|---|---|
| Format: | Printed Book |
| Udgivet: |
New York:
Cambridge university press,
2005.
|
| Fag: |
| LEADER | 00550cam a2200169ua 4500 | ||
|---|---|---|---|
| 020 | |a 0-521-82945-3 | ||
| 082 | |a 570.724 01 |b WEB/P | ||
| 100 | 0 | |a Weber, Marcel | |
| 245 | 1 | 0 | |a Philosophy of experimental biology / |
| 260 | |a New York: |b Cambridge university press, |c 2005. | ||
| 300 | |a 358p.. | ||
| 500 | |a Includes index. | ||
| 650 | |a Experimental biology | ||
| 650 | 0 | |a Natural sciences | |
| 942 | |c BK | ||
| 999 | |c 15016 |d 15016 | ||
| 952 | |0 0 |1 0 |4 0 |6 570_724000000000000_01_WEB |7 0 |9 15662 |a KUCL |b KUCL |d 2014-05-23 |l 0 |o 570.724 01 WEB/ |p 17340 |r 2014-05-23 |w 2014-05-23 |y BK | ||